[Event "XX Open"]
[Site "Metz FRA"]
[Date "2002.04.18"]
[Round "6"]
[White "Haik,A"]
[Black "Shchekachev,A"]
[Result "0-1"]
[WhiteElo "2361"]
[BlackElo "2573"]

1.d4 Nf6 2.Nf3 g6 3.c4 Bg7 4.Nc3 O-O 5.e4 d6 6.Be2 Na6 7.O-O e5 8.dxe5 dxe5
9.Qxd8 Rxd8 10.Bg5 h6 11.Bh4 Re8 12.Rfd1 c6 13.Ne1 Nc5 14.f3 a5 15.Nc2 Be6
16.b3 Nfd7 17.Rab1 f5 18.Rd2 fxe4 19.fxe4 Nf6 20.Bf3 Bf7 21.Rbd1 g5 22.Bf2 Bf8
23.Ne3 Bg6 24.Ng4 Nxg4 25.Bxg4 Nxe4 26.Nxe4 Bxe4 27.Rd7 b5 28.Bh5 Rec8 29.Bg3 Bc5+
30.Kh1 Bf5 31.Bxe5 Bxd7 32.Rxd7 Ra7 33.Rd3 Re7 34.Bg3 bxc4 35.bxc4 Rb8 36.h4 Rb4
37.Kh2 Rxc4 38.Kh3 Ree4 39.Bg6 Re3 40.hxg5 hxg5  0-1

[Event "Alushta-100"]
[Site "Alushta UKR"]
[Date "2002.04.19"]
[Round "?"]
[White "Ovsejevitsch,S"]
[Black "Varavin,V"]
[Result "1/2-1/2"]
[WhiteElo "2529"]
[BlackElo "2476"]

1.d4 Nf6 2.c4 d6 3.Nf3 g6 4.Nc3 Bg7 5.e4 O-O 6.Be2 e5 7.O-O Nbd7 8.Be3 Ng4
9.Bg5 f6 10.Bc1 c6 11.d5 c5 12.Rb1 Nh6 13.b4 b6 14.Nd2 f5 15.exf5 gxf5 16.bxc5 Nxc5
17.Nb3 e4 18.Bb2 Be5 19.Qd2 Qh4 20.g3 Qf6 21.f4 exf3 22.Bxf3 Ba6 23.Nb5 Bxb5
24.Bxe5 Nxb3 25.Rxb3 dxe5 26.cxb5 Rad8 27.Bh5  1/2-1/2

[Event "Alushta-100"]
[Site "Alushta UKR"]
[Date "2002.04.19"]
[Round "?"]
[White "Ovsejevitsch,S"]
[Black "Khudyakov,A"]
[Result "1-0"]
[WhiteElo "2529"]
[BlackElo "2168"]

1.d4 Nf6 2.c4 d6 3.Nf3 g6 4.Nc3 Bg7 5.e4 O-O 6.Be2 e5 7.O-O exd4 8.Nxd4 Re8
9.f3 c6 10.Kh1 h6 11.Nc2 Na6 12.Bf4 Bf8 13.Qd2 g5 14.Be3 Nc7 15.Rad1 Nh5
16.f4 Nxf4 17.Bxf4 gxf4 18.Qxf4 Qe7 19.Bh5 Be6 20.Nd5 cxd5 21.exd5 Red8 22.dxe6 fxe6
23.Ne3 Rac8 24.Ng4 Qg5 25.Qf7+ Kh8 26.Rf6 Qg8 27.Nxh6 Qxf7 28.Nxf7+ Kg7 29.Rf3 Rd7
30.Rd4 d5 31.Rg4+  1-0

[Event "TCh-ISR"]
[Site "ISR"]
[Date "2002.04.19"]
[Round "9"]
[White "Kaganskiy,G"]
[Black "Lederer,Y"]
[Result "1-0"]
[WhiteElo "2331"]
[BlackElo "2283"]

1.d4 Nf6 2.c4 g6 3.Nc3 Bg7 4.e4 d6 5.Be2 O-O 6.Nf3 e5 7.O-O Na6 8.Qc2 exd4
9.Nxd4 Re8 10.Rd1 Qe7 11.Bg5 c6 12.Qd2 Qf8 13.f3 Nh5 14.Bf1 Nc5 15.Rac1 a5
16.Nde2 Be5 17.Be3 a4 18.Nf4 Nxf4 19.Bxf4 f6 20.Be3 Be6 21.Bd4 Qf7 22.f4 Bxd4+
23.Qxd4 Bg4 24.Re1 Rad8 25.h3 Bc8 26.Rcd1 Qf8 27.Qf2 Be6 28.Qc2 Qf7 29.Nxa4 Nxa4
30.Qxa4 Ra8 31.Qc2 Rxa2 32.Rxd6 Qc7 33.c5 b5 34.Rxe6  1-0

[Event "City-ch"]
[Site "St-Petersburg RUS"]
[Date "2002.04.19"]
[Round "4"]
[White "Lugovoi,A"]
[Black "Golcman,E"]
[Result "1-0"]
[WhiteElo "2510"]
[BlackElo "2225"]

1.d4 Nf6 2.c4 g6 3.Nc3 Bg7 4.e4 d6 5.Nf3 O-O 6.Be2 e5 7.d5 Nbd7 8.Be3 Ng4
9.Bg5 f6 10.Bd2 Nh6 11.O-O f5 12.Ng5 Nf6 13.Rc1 f4 14.c5 dxc5 15.Qb3 Kh8
16.Rfd1 Nxd5 17.Nxd5 Qxg5 18.Nxc7 Rb8 19.Rxc5 b6 20.Rcc1 a5 21.f3 Ng8 22.Be1 h5
23.Bf2 Rf6 24.h4 Qh6 25.Rd8 Rf8 26.Rd6 Rf6 27.Ne8 Rf8 28.Nxg7 Qxg7 29.Rxb6 Rxb6
30.Qxb6 Nf6 31.Rc7 Bd7 32.Qxa5  1-0

[Event "chJ-POL b20"]
[Site "Trzebinia POL"]
[Date "2002.04.19"]
[Round "10"]
[White "Jedynak,R"]
[Black "Lagowski,P"]
[Result "1-0"]
[WhiteElo "2416"]
[BlackElo "2321"]

1.d4 Nf6 2.c4 g6 3.Nc3 Bg7 4.Nf3 O-O 5.e4 d6 6.Be2 Nbd7 7.O-O e5 8.d5 Nc5
9.Nd2 a5 10.b3 Bd7 11.a3 c6 12.Rb1 cxd5 13.cxd5 b5 14.b4 axb4 15.Rxb4 Rb8
16.Re1 Qc8 17.Bf1 Qa6 18.Qc2 Rfc8 19.Qb1 Qa5 20.Nb3 Nxb3 21.Qxb3 Rb7 22.Qb2 Qc7
23.Bd2 Qc5 24.Rc1 Ng4 25.Nd1 Qa7 26.h3 Nf6 27.Rxc8+ Bxc8 28.Be3 Qa5 29.Nc3 h6
30.Nxb5 Bf8 31.Nc3 Qa8 32.Bb5 Bd7 33.Bxd7 Rxb4 34.axb4 Nxd7 35.b5 f5 36.f3 f4
37.Bf2 Be7 38.b6 Qb7 39.Qb5 Bd8 40.Na4  1-0

[Event "Kuban Spring"]
[Site "Krasnodar RUS"]
[Date "2002.04.??"]
[Round "?"]
[White "Bagirov,R"]
[Black "Skorchenko,D"]
[Result "1-0"]
[WhiteElo "2516"]
[BlackElo "2431"]

1.d4 d6 2.Nf3 g6 3.c4 Bg7 4.Nc3 Nf6 5.e4 O-O 6.Be2 e5 7.O-O exd4 8.Nxd4 Re8
9.f3 c6 10.Nb3 Na6 11.Bg5 h6 12.Bh4 Nc7 13.Qc2 g5 14.Bf2 Ne6 15.g3 Nd7 16.Rad1 Qe7
17.Be3 a5 18.f4 Nec5 19.Nd4 Nf6 20.fxg5 Nfxe4 21.Nxe4 Qxe4 22.Qxe4 Rxe4 23.gxh6 Bxd4
24.Bxd4 Rxe2 25.h7+ Kxh7 26.Rxf7+ Kg6 27.Rf6+ Kg5 28.Rxd6 Ne4 29.Rd8 c5 30.Rg8+ Kh6
31.Rh8+ Kg6 32.Rg8+ Kf7 33.Rg7+ Kf8 34.Rf1+ Rf2 35.Rxf2+ Nxf2 36.Be5 Nd3
37.Bc3 Nc1 38.Be5 Nd3 39.Bc3 b6 40.h4 Rb8 41.h5 Rb7 42.Rg6 Nc1 43.Kg2 Ne2
44.Be5 Bf5 45.Rf6+ Rf7 46.Rxb6 Be4+ 47.Kh3 Ng1+ 48.Kg4 Bf5+ 49.Kf4 Nh3+ 50.Ke3 Kg8
51.g4 Re7 52.gxf5 Rxe5+ 53.Kf3 Kf7 54.Kg4 Nf2+ 55.Kf4 Nd3+ 56.Kg5 Nf2 57.h6 Nh3+
58.Kg4 Nf2+ 59.Kf4 Re1 60.b3 Rh1 61.Kf3 Nd3 62.Ke4 Nc1 63.Ke5 Nxa2 64.Rb7+ Kg8
65.Rc7 Nc1 66.Ke6 Rxh6+ 67.f6 Nd3 68.Rc8+ Kh7 69.Ke7 Ne5 70.Rxc5 Rh5 71.Ke6  1-0

[Event "Capablanca Mem Premier II"]
[Site "Havana CUB"]
[Date "2002.05.06"]
[Round "10"]
[White "Herraiz Hidalgo,H"]
[Black "Vazquez,R"]
[Result "1/2-1/2"]
[WhiteElo "2456"]
[BlackElo "2442"]

1.d4 Nf6 2.c4 g6 3.Nc3 Bg7 4.e4 d6 5.Nf3 O-O 6.Be2 e5 7.O-O exd4 8.Nxd4 Re8
9.f3 Nc6 10.Be3 Nh5 11.Qd2 Nf4 12.Bxf4 Nxd4 13.Bd1 Be6 14.Nd5 Bxd5 15.cxd5 c5
16.dxc6 bxc6 17.Kh1 Qb6 18.Bxd6 c5 19.Bg3 Qb5 20.Re1 Rad8 21.Qf2 c4 22.Rc1 Rd7
23.Be2 Nxe2 24.Qxe2 Rd3 25.Rc2 h5 26.h3 Bh6 27.e5 Be3 28.h4 Qd5 29.Rc3 Bb6
30.Qe4 Ba5 31.Rxd3 Qxd3 32.Qxd3 cxd3 33.Rd1 d2 34.a3 Rd8 35.Bf4 Rd4 36.Bg5 Rd5
37.b4 Rxe5 38.Bxd2 Bb6 39.Re1 Rd5 40.Be3 Rd3 41.Bxb6 axb6 42.Re8+ Kg7 43.Rb8 Rxa3
44.Rxb6 Rb3 45.Kh2 f6 46.Rb7+ Kh6 47.b5 Rb4 48.Kh3 g5 49.hxg5+ fxg5 50.b6 Rb3
51.Rb8 Kg7 52.b7 Kh7 53.Kh2 h4 54.Kg1 Rb2 55.Kf1 Kg7 56.Ke1 Kh7 57.Kd1 Kg7
58.Kc1 Rb5 59.Kc2 Rb6 60.Kc3 Rb1 61.Kc4 Rb2 62.Kd5 g4 63.fxg4 Rb1 64.Ke5 Rb2
65.Kf5 Rb1 66.Kg5 Rb2 67.Kxh4 Rb1 68.g5 Rb2 69.g3 Rb4+ 70.Kh5 Rb1 71.Rc8 Rxb7
72.g4 Ra7 73.Rc5 Rb7 74.g6 Ra7 75.Rf5 Ra1 76.Rf7+ Kg8 77.Rb7 Rh1+ 78.Kg5 Rf1
79.g7 Ra1 80.Kh6 Ra6+ 81.Kh5 Rh6+  1/2-1/2

[Event "Capablanca Mem Premier I"]
[Site "Havana CUB"]
[Date "2002.05.06"]
[Round "10"]
[White "Franco Ocampos,Z"]
[Black "Alvarez,Jose"]
[Result "1-0"]
[WhiteElo "2510"]
[BlackElo "2403"]

1.c4 g6 2.d4 Bg7 3.e4 d6 4.Nc3 Nf6 5.Be2 O-O 6.Nf3 e5 7.O-O exd4 8.Nxd4 Re8
9.f3 Nc6 10.Be3 Nh5 11.Qd2 Nf4 12.Rfd1 Ne6 13.Nc2 a5 14.Rab1 Nc5 15.Nd5 Be6
16.Nf4 b6 17.Bf1 Bd7 18.Nd5 Be6 19.b3 Rf8 20.Re1 Qd7 21.Nf4 Rae8 22.Rbd1 Bh6
23.Kh1 Bxf4 24.Bxf4 f5 25.Bh6 fxe4 26.Bxf8 Rxf8 27.fxe4 Ne5 28.Nd4 Qe7 29.Nxe6 Nxe6
30.Be2 Kg7 31.Rf1 Rxf1+ 32.Rxf1 h5 33.Qe3 Qg5 34.Qxg5 Nxg5 35.Bf3 Ne6 36.Kg1 Nd3
37.Rd1 Ndc5 38.Kf2 Kf6 39.Ke3 Nd7 40.a3 Ne5 41.Rf1 Ke7 42.Be2 c5 43.a4 Nd4
44.Bd1 Ne6 45.h3 Nf7 46.Rf2 Ne5 47.Rd2 Nf7 48.g3 Ne5 49.h4 Nd4 50.Rf2 Ne6
51.Rg2 Nd4 52.Rg1 Kf6 53.Rf1+ Ke7 54.Kd2 Ne6 55.Kc3 Ng7 56.Rg1 Ne8 57.Kd2 Ng7
58.g4 hxg4 59.Bxg4 Ne8 60.Ke3 Nf6 61.Bd1 Kf7 62.Be2 Ke7 63.Kf4 Kf7 64.Rg2 Ke6
65.Rg5 Nh7 66.Rg1 Nf6 67.Rh1 Nf7 68.Bg4+ Ke7 69.Bc8 Ne5 70.Bb7 Nf7 71.Bd5 Nh5+
72.Ke3 Ne5 73.Rg1 Kf6 74.Bb7 Ke7 75.Bc8 Nf6 76.Bh3 Nh5 77.Bg4 Nf6 78.Be2 Ke6
79.Kf4 Ke7 80.Rh1 Nf7 81.h5 gxh5 82.Bxh5 Ne5 83.Be2 Ke6 84.Rh6 Nf7 85.Rg6 Ne5
86.Rg7 Ned7 87.Bd1 Ne5 88.Rb7 Ned7 89.Bg4+ Nxg4 90.Kxg4 Ne5+ 91.Kf4 Nd7 92.Kg5 Nf6
93.Rxb6 Nxe4+ 94.Kf4 Nc3 95.Ke3  1-0

[Event "ch-UKR"]
[Site "Alushta UKR"]
[Date "2002.05.07"]
[Round "5"]
[White "Kurinoj,D"]
[Black "Polivanov,A"]
[Result "0-1"]
[WhiteElo "2146"]
[BlackElo "2351"]

1.Nf3 Nf6 2.c4 d6 3.d4 g6 4.Nc3 Bg7 5.e4 O-O 6.Be2 Nbd7 7.O-O e5 8.Re1 h6
9.Rb1 Nh7 10.dxe5 dxe5 11.b4 Re8 12.Qb3 Nhf8 13.Be3 Ne6 14.Red1 c6 15.c5 Qe7
16.Na4 Nf4 17.Bf1 Nf6 18.Nd2 Ng4 19.Nc4 Qg5 20.Bxf4 exf4 21.f3 Ne3 22.Nxe3 fxe3
23.Nb2 Be6 24.Bc4 e2 25.Re1 Bd4+ 26.Kh1 Be5 27.Bxe6 Rxe6 28.Nd3 Bc7 29.Rxe2 Rd8
30.Rf1 Qh5 31.g4 Qh3 32.Rg2 Rf6 33.Qd1 h5 34.gxh5 Qxh5 35.Qe2 Kg7 36.a3 Qh3
37.e5 Rf5 38.e6 Re8 39.Qb2+ Kh7 40.exf7 Rxf7 41.Qf2 Rd8 42.Ne1 Be5 43.Qe2 Qf5
44.Rg4 Bf4 45.Ng2 Rd2 46.Rh4+ Kg7 47.Qe8 Bh6 48.Qe1 Bg5 49.Rg4 Rd3 50.Rg3 Rxa3
51.f4 Re7 52.Qf2 Rxg3 53.Qxg3 Bf6 54.h3 Rd7 55.Kh2 Rd3 56.Rf3 Rd1 57.Ne3 Rd2+
58.Ng2 Qe4 59.Qg4 Qxb4 60.Rg3 Qe4 61.h4 Rd5 62.Qc8 Rh5 63.Qxb7+ Kh6 64.Qa8 Qc2
65.Kh3 Qxc5 66.Qe8  0-1

[Event "Oceana zt"]
[Site "Warwick Fiji FIJ"]
[Date "2002.05.07"]
[Round "4"]
[White "Johansen,D"]
[Black "Lane,G"]
[Result "1/2-1/2"]
[WhiteElo "2531"]
[BlackElo "2446"]

1.c4 Nf6 2.Nc3 g6 3.d4 Bg7 4.e4 d6 5.Be2 O-O 6.Nf3 e5 7.d5 Na6 8.Bg5 h6 9.Bh4 c6
10.O-O cxd5 11.cxd5 g5 12.Bg3 Nc5 13.Nd2 Nfxe4 14.Ndxe4 Nxe4 15.Nxe4 f5 16.Nc3 f4
17.Bg4 fxg3 18.hxg3 Qb6 19.Bxc8 Raxc8 20.Qe2 e4 21.Nxe4  1/2-1/2

[Event "ch-UKR"]
[Site "Alushta UKR"]
[Date "2002.05.08"]
[Round "6"]
[White "Ivanov,AndA"]
[Black "Prokhorov,A2"]
[Result "1-0"]
[WhiteElo "2345"]
[BlackElo "2173"]

1.d4 Nf6 2.Nf3 g6 3.c4 Bg7 4.Nc3 d6 5.e4 O-O 6.Be2 e5 7.d5 a5 8.O-O Na6 9.Bg5 h6
10.Bh4 Qe8 11.Nd2 h5 12.a3 Nh7 13.f3 Bd7 14.Nb5 Qb8 15.Rb1 Bf6 16.Bf2 c5
17.dxc6 bxc6 18.Nc3 c5 19.Nd5 Bd8 20.f4 exf4 21.Nxf4 Bg5 22.Nd5 Be6 23.Nf3 Bd8
24.Bg3 Bxd5 25.Qxd5 Be7 26.e5 Nc7 27.Qd3 Ne8 28.Rfd1 Ra6 29.b4 axb4 30.axb4 Qa7
31.b5 Rb6 32.Ra1 Qb7 33.Ra2 dxe5 34.Nxe5 Rd6 35.Qf3 Qxf3 36.Bxf3 Rxd1+ 37.Bxd1 Nef6
38.Nc6 Bd8 39.Bf3 Ng5 40.Bd6 Re8 41.Bxc5 Kh7 42.Nxd8 Rxd8 43.Be7 Nxf3+ 44.gxf3 Rd1+
45.Kf2 Nd7 46.c5 Rc1 47.c6 Nb6 48.Bd8 Nd5 49.Rd2  1-0

[Event "ch-URU"]
[Site "Montevideo URU"]
[Date "2002.05.09"]
[Round "4"]
[White "Larrea,M"]
[Black "Saralegui,M"]
[Result "1/2-1/2"]
[WhiteElo "2180"]
[BlackElo "2118"]

1.Nf3 Nf6 2.d4 g6 3.c4 Bg7 4.Nc3 d6 5.e4 O-O 6.Be2 e5 7.d5 a5 8.Bg5 h6 9.Bh4 Na6
10.Nd2 Qe8 11.O-O Nh7 12.Rb1 Bd7 13.b3 Nc5 14.f3 h5 15.a3 Bh6 16.Bf2 b6 17.Qc2 Qe7
18.b4 axb4 19.axb4 Na4 20.Nxa4 Bxa4 21.Qc3 Bd7 22.c5 bxc5 23.bxc5 Ra2 24.Rb2 Rfa8
25.c6 Bc8 26.Nc4 Nf6 27.Rfb1 Rxb2 28.Qxb2 Kg7 29.Ra1 Rxa1+ 30.Qxa1 Ne8 31.Qa8 Qd8
32.Na5 Qg5 33.Qxc8 Qd2 34.Qa6 Nf6 35.Nb3 Qb2 36.Qd3 h4 37.Bd1 Nh5 38.Qc2 Qa3
39.Bxh4 Qb4 40.Kf1 Nf4 41.Be2 Nxd5 42.exd5 Qxh4 43.h3 Be3 44.Bd3 Bb6 45.Qe2 Qg3
46.Nd2 f5 47.Nc4 Bc5 48.Nd2 Qf4 49.Nb3 Bb6 50.Ke1 Qb4+ 51.Nd2 Qd4 52.g4 Qa1+
53.Nb1 Qd4 54.gxf5 gxf5 55.Bxf5 Qg1+ 56.Kd2 Qg5+ 57.Kd3 Qxf5+ 58.Qe4 Qxh3
59.Qg4+ Qxg4 60.fxg4 Kg6 61.Ke4 Kg5 62.Kf3 e4+ 63.Kxe4 Kxg4 64.Nc3 Kg5 65.Na4 Ba7
66.Nb2 Kf6 67.Nc4 Bc5 68.Nb2 Bb6 69.Nd3 Ba7 70.Nf4 Bg1 71.Nh5+ Kg6 72.Ng3 Kf6
73.Ne2 Ba7 74.Nc3 Kg5 75.Nb1 Bc5 76.Nd2 Bb6 77.Nc4 Bc5  1/2-1/2

[Event "XI MKD-Cup"]
[Site "Stip MKD"]
[Date "2002.05.09"]
[Round "2"]
[White "Jacimovic,D"]
[Black "Simov,S"]
[Result "1-0"]
[WhiteElo "2469"]
[BlackElo "2209"]

1.d4 Nf6 2.c4 g6 3.Nc3 Bg7 4.e4 d6 5.Nf3 O-O 6.Be2 e5 7.d5 Ne8 8.h4 h6 9.h5 g5
10.Nd2 f5 11.exf5 Bxf5 12.Nde4 Nd7 13.Bd3 Bh7 14.Be3 Nef6 15.Nxf6+ Nxf6 16.Bxh7+ Nxh7
17.Ne4 Rf7 18.Qd3 Qd7 19.O-O-O Nf6 20.f3 Nxe4 21.Qxe4 Rd8 22.Rd2 b6 23.Kb1 a5
24.Rc1 Qf5 25.Kc2 Rff8 26.Qxf5 Rxf5 27.Kd3 Re8 28.Ke4 Rff8 29.b3 Ra8 30.a3 Ra7
31.Re2 Raa8 32.Bd2 Ra7 33.Kd3 Kf7 34.Re4 Raa8 35.Rce1 Kg8 36.Bc3 Rf7 37.b4 axb4
38.axb4 Rff8 39.Bb2 Rfb8 40.Ra1 Rxa1 41.Bxa1 b5 42.Bc3 Kf7 43.cxb5 Rxb5 44.Kc4 Rb7
45.g3 Bf6 46.Re1 Rb8 47.b5 Rg8 48.Re4 Ra8 49.Kb3 Rf8 50.Ba5 Bd8 51.Rc4 Ke8
52.Bxc7 Rxf3+ 53.Ka4 Bxc7 54.Rxc7 Kd8 55.b6 Rf1 56.Kb5 e4 57.Rc4 e3 58.Re4 Kd7
59.Rxe3 Rb1+ 60.Ka5 Rd1 61.b7 Kc7 62.Re7+ Kb8 63.Kb6 Rb1+ 64.Kc6 Rc1+ 65.Kxd6 Rc3
66.g4 Rc4 67.Ke5 Rxg4 68.d6 Rg1  1-0

[Event "TCh-NOR Finals"]
[Site "Oslo NOR"]
[Date "2002.05.10"]
[Round "3"]
[White "Rolvaag,M"]
[Black "Hagesaether,E"]
[Result "1/2-1/2"]
[WhiteElo "2260"]
[BlackElo "2142"]

1.c4 g6 2.Nc3 Bg7 3.d4 d6 4.e4 Nf6 5.Nf3 O-O 6.Be2 e5 7.d5 a5 8.Bg5 h6 9.Bh4 Qe8
10.Nd2 Na6 11.O-O Nd7 12.a3 Nb6 13.b3 Bd7 14.Qc2 f5 15.f3 f4 16.Bf2 g5 17.Rab1 h5
18.b4 axb4 19.axb4 g4 20.Rfc1 Qg6 21.c5 g3 22.cxb6 gxf2+ 23.Kxf2 Bf6 24.Bb5 Bh4+
25.Kf1 Bc8 26.Nc4 Kh8 27.bxc7 Nxc7 28.Nb6 Ra3 29.Nxc8 Rxc8 30.Bd7 Nxd5 31.Nxd5 Rxc2
32.Rxc2 Ra8 33.Rbc1 Rg8 34.Bh3 Bd8 35.Kg1 Qe8 36.Bf5 Qb5 37.Kh1 Kg7 38.Be6 Re8
39.Bh3 Kf7 40.Bf5 Bb6 41.Bd7  1/2-1/2

[Event "59th ch-POL"]
[Site "Warsaw POL"]
[Date "2002.05.10"]
[Round "11"]
[White "Lagowski,P"]
[Black "Socko,B"]
[Result "0-1"]
[WhiteElo "2321"]
[BlackElo "2564"]

1.d4 Nf6 2.c4 g6 3.Nc3 Bg7 4.e4 d6 5.Nf3 O-O 6.Be2 e5 7.dxe5 dxe5 8.Qxd8 Rxd8
9.Bg5 Rf8 10.Nd5 Nxd5 11.cxd5 c6 12.Bc4 b5 13.Bb3 Bb7 14.Rc1 Rc8 15.Be7 Bh6
16.Rd1 cxd5 17.O-O Bg7 18.exd5 Nd7 19.Ng5 h6 20.Ne4 Bf8 21.Bxf8 Kxf8 22.Nd6 Rcb8
23.Rc1 Nf6 24.Rfd1 Bc8 25.Rc7 Bd7 26.f3 Rb6 27.Nb7 Rc8 28.d6 Rc6 29.Rxc6 Bxc6
30.d7 Bxd7 31.Nd6 Rc5 32.Nxf7 a5 33.Nd8 a4 34.Be6 Ke7 35.Bxd7 Nxd7 36.Nf7 Rc2
37.Nd6 b4 38.h4 Nb6 39.Ne4 Rxb2 40.Rd6 Nc4 41.Rxg6 Rxa2 42.Rxh6 a3 43.Rh7+ Ke6
44.h5 Rc2 45.h6 a2 46.Nc5+ Kf6 47.Nb3 Na5 48.Ra7 Nxb3 49.h7 Rc8 50.Rxa2 Nd4
51.Ra6+ Kg7 52.Ra7+ Kg6 53.Rb7 b3 54.Kf2 Rh8 55.Ke3 Rxh7 56.Rb6+ Kf5 57.f4 Nc2+
58.Kf2 Kxf4 59.Rxb3 Nd4  0-1

[Event "ch-UKR w"]
[Site "Alushta UKR"]
[Date "2002.05.11"]
[Round "9"]
[White "Mokriak,L"]
[Black "Romanova,E"]
[Result "1-0"]
[WhiteElo "2261"]
[BlackElo "2138"]

1.d4 Nf6 2.c4 g6 3.Nc3 Bg7 4.e4 d6 5.Nf3 O-O 6.Be2 e5 7.dxe5 dxe5 8.Qxd8 Rxd8
9.Bg5 Re8 10.Nd5 Nxd5 11.cxd5 c6 12.Bc4 b5 13.Bb3 c5 14.Nd2 Bb7 15.O-O Nd7
16.Rfc1 Bf8 17.Bd1 f5 18.f3 f4 19.Bh4 c4 20.a4 a6 21.Bf2 Bb4 22.Nb1 Bc5 23.b3 Bxf2+
24.Kxf2 Nc5 25.Rc3 Nxb3 26.Bxb3 cxb3 27.Rxb3 Rec8 28.axb5 Rc2+ 29.Kf1 Rc1+
30.Ke2 Kf7 31.Ra5 Rc5 32.Na3 Rac8 33.Ra4 axb5 34.Nxb5 Ra8 35.Nd6+  1-0

[Event "TCh-NOR Finals"]
[Site "Oslo NOR"]
[Date "2002.05.11"]
[Round "4"]
[White "Thorstensen,T"]
[Black "Gabrielsen,T"]
[Result "1/2-1/2"]
[WhiteElo "2225"]
[BlackElo "2220"]

1.d4 Nf6 2.Nf3 g6 3.c4 Bg7 4.Nc3 O-O 5.e4 d6 6.Be2 e5 7.O-O exd4 8.Nxd4 Re8
9.f3 Nc6 10.Be3 Nh5 11.Qd2 f5 12.Nxc6 bxc6 13.exf5 Qh4 14.Rad1 Bxf5 15.Bg5 Bd4+
16.Qxd4 Qxg5 17.f4 Qh4 18.Qf2 Qxf2+ 19.Rxf2 Nf6 20.Bf3 Ne4 21.Nxe4 Bxe4 22.Rdd2 Bxf3
23.Rxf3 Re1+ 24.Kf2 Rc1 25.b3 Re8 26.Kg3 Kg7 27.f5 Re5 28.fxg6 Kxg6 29.h3 d5
30.Rdf2 Re6 31.Rf4 Rc3+ 32.Kh4 dxc4 33.bxc4 a5 34.Rg4+ Kh6 35.Rf5 Rg6 36.Rc5 Rc2
37.Rxg6+ hxg6 38.g4 Rxa2 39.g5+ Kg7 40.Rxc6 Rg2 41.Rxc7+ Kg8 42.c5 Rc2 43.Kg4 Rc4+
44.Kf3 a4 45.c6 a3 46.Ra7 Rxc6 47.Rxa3 Rc4 48.Re3 Rh4 49.Kg3 Ra4 50.Rf3 Kg7
51.h4 Rb4 52.Rf4 Rb3+ 53.Kg4 Rb1 54.Rd4 Rf1 55.Rd7+ Kg8 56.Rd3 Kg7 57.Rf3 Rh1
58.Rf4 Rg1+ 59.Kf3 Rf1+ 60.Ke4 Ra1 61.Kd5 Ra5+ 62.Kc6 Ra6+ 63.Kb7 Ra1 64.Rc4 Rf1
65.Kc8 Rd1 66.Rc7+ Kf8 67.Rc6 Kg7 68.Rc4 Rd2 69.Kc7 Rd1 70.Kc6 Rd2 71.Kc5 Rd1
72.Rd4 Rc1+ 73.Kd6 Ra1 74.Ke7 Re1+ 75.Kd6 Re2 76.Rc4 Rd2+ 77.Ke5 Re2+ 78.Kd4 Re1
79.Rc7+ Kf8 80.Kd5 Re2 81.Rc4 Kg7 82.Re4 Rd2+ 83.Ke6 Ra2 84.Rd4  1/2-1/2

[Event "TCh-NOR Finals"]
[Site "Oslo NOR"]
[Date "2002.05.12"]
[Round "5"]
[White "Johannessen,LE"]
[Black "Gullaksen,E"]
[Result "1/2-1/2"]
[WhiteElo "2452"]
[BlackElo "2326"]

1.d4 Nf6 2.c4 g6 3.Nc3 Bg7 4.e4 d6 5.Nf3 O-O 6.Be2 e5 7.O-O Nh5 8.g3 Bg4
9.d5 Qe8 10.Bd2 Na6 11.Nh4 Bxe2 12.Qxe2 f5 13.f3 Bf6 14.Ng2 c6 15.g4 Ng7
16.Be3 Qe7 17.Bf2 h5 18.h4 fxg4 19.fxg4 Qd7 20.g5 Bd8 21.Kh2 Ba5 22.Rac1 Bxc3
23.Rxc3 c5 24.Rcc1 Rf7 25.Bg3 Raf8 26.Ne3 b6 27.a3 Nb8 28.Rxf7 Qxf7 29.Rf1 Qe7
30.Rxf8+ Qxf8 31.Kg2 Kf7 32.b4 Nd7 33.Qd1 Ke7 34.Qa4 Qb8 35.Nd1 Qc7 36.Ne3 Ne8
37.Be1 Qb7 38.Qd1 Ng7 39.Bc3 Qa6 40.Qb3 Qc8 41.Be1 Qf8 42.Bg3 Qc8 43.Qa4 Qb8
44.Qc6 a6 45.Nc2 Qa7 46.Be1 Ne8 47.Bc3 Kd8 48.Be1 Nb8 49.Qa4 Qd7 50.Qxd7+ Nxd7
51.b5 Kc7 52.a4 Kb7 53.Na3 Nc7 54.Kf3 Nb8 55.Ke2 Nd7 56.Nc2 Ne8 57.Kd3 Ka7
58.Na3 Nc7 59.Nc2 Ne8 60.Ne3 Ng7 61.Kc2 Kb7 62.Kb3 Ka7 63.a5 Ne8 64.Ka4 Nc7
65.Bd2 Kb7 66.Be1 Ka7 67.Bd2 Kb7 68.Be1 Ka7  1/2-1/2

[Event "Tanta Open"]
[Site "Tanta City EGY"]
[Date "2002.05.14"]
[Round "2"]
[White "Halkias,S"]
[Black "El Arousy,A"]
[Result "1-0"]
[WhiteElo "2566"]
[BlackElo "2293"]

1.Nf3 Nf6 2.c4 g6 3.Nc3 Bg7 4.d4 O-O 5.e4 d6 6.Be2 e5 7.Be3 exd4 8.Nxd4 Re8
9.f3 c6 10.Bf2 d5 11.exd5 cxd5 12.O-O Nc6 13.c5 Nh5 14.Qd2 Be5 15.g3 Ng7
16.Rfd1 Be6 17.Ncb5 Qd7 18.Nxe6 fxe6 19.f4 Bf6 20.Bg4 Re7 21.Rac1 a6 22.Nd6 Ne8
23.b4 Rd8 24.a4 Nxd6 25.cxd6 Ree8 26.Bc5 Qf7 27.b5 axb5 28.axb5 Nb8 29.Bb4 Rd7
30.Re1 h5 31.Bh3 Rdd8 32.Rc7 Rd7 33.Qd3 g5 34.Rxe6 g4 35.Rxe8+ Qxe8 36.Bg2 d4
37.Bxb7 Bd8 38.Bd5+ Kg7 39.b6  1-0

[Event "ch-URU"]
[Site "Montevideo URU"]
[Date "2002.05.15"]
[Round "10"]
[White "Larrea,M"]
[Black "Crosa,M"]
[Result "0-1"]
[WhiteElo "2180"]
[BlackElo "2384"]

1.d4 g6 2.e4 Bg7 3.c4 d6 4.Nc3 Nf6 5.Nf3 O-O 6.Be2 e5 7.d5 a5 8.Bg5 h6 9.Bh4 Qe8
10.Nd2 Nh7 11.O-O h5 12.f3 Bh6 13.Bf2 Na6 14.b3 Qe7 15.a3 Bd7 16.Rb1 h4 17.Kh1 Qg5
18.Rb2 f5 19.exf5 gxf5 20.Qe1 h3 21.Rg1 Kh8 22.g3 Qf6 23.f4 e4 24.Nd1 Bg7
25.Nf1 Qe7 26.Rb1 c6 27.Nfe3 Nc7 28.Qd2 cxd5 29.cxd5 Nb5 30.Nc4 Rae8 31.Be3 Nf6
32.a4 Nc7 33.Nc3 Ng4 34.Nxa5 Nf2+ 35.Bxf2 e3 36.Qd3 exf2 37.Rgf1 Nxd5 38.Qxd5 Bxc3
39.Bf3 Bxa5 40.Qxa5 Qe3 41.Bd5 Bc6  0-1

[Event "ch-URU"]
[Site "Montevideo URU"]
[Date "2002.05.16"]
[Round "11"]
[White "Curi,G"]
[Black "Roselli Mailhe,B"]
[Result "1/2-1/2"]
[WhiteElo "2267"]
[BlackElo "2419"]

1.d4 Nf6 2.c4 g6 3.Nc3 Bg7 4.e4 d6 5.Be2 O-O 6.Nf3 e5 7.d5 Na6 8.Bg5 h6 9.Bh4 Qe8
10.Nd2 Nh7 11.O-O g5 12.Bg3 f5 13.Bh5 Qe7 14.exf5 Bxf5 15.Bg4 Bxg4 16.Qxg4 Qf7
17.h4 h5 18.Qe2 Qg6 19.Nde4 gxh4 20.Bxh4 Rf4 21.Bg3 Rg4 22.Kh1 Nf6 23.Rae1 h4
24.Nxf6+ Bxf6 25.Bh2 Nc5 26.f3 Rg5 27.Ne4 Nxe4 28.Qxe4 Qxe4 29.Rxe4 Rg6 30.Rc1 b6
31.Rc2 a5 32.b3 Rf8 33.Rc3 Kh7 34.Rd3 Kh6 35.Bg1 Kh5 36.Bh2 Bg7 37.Kg1 Bh6
38.Kf1 Rf7 39.a3 Bc1 40.a4 Rfg7 41.Re2 Bf4 42.Bxf4 exf4 43.Re8 h3 44.Rh8+ Rh6
45.Rxh6+ Kxh6 46.gxh3 Rg3 47.Kf2 Rxh3 48.Kg2 Rg3+ 49.Kf2 Rg7 50.Rd4 Kg5 51.Re4 Kf5
52.Re6 Rd7 53.Re4  1/2-1/2

[Event "9th RUS-chT"]
[Site "Ekaterinburg RUS"]
[Date "2002.05.18"]
[Round "2"]
[White "Lugovoi,A"]
[Black "Diu,V"]
[Result "1/2-1/2"]
[WhiteElo "2510"]
[BlackElo "2412"]

1.d4 Nf6 2.c4 g6 3.Nc3 Bg7 4.e4 d6 5.Nf3 O-O 6.Be2 e5 7.d5 a5 8.Bg5 h6 9.Bh4 Na6
10.O-O Qe8 11.Ne1 Nh7 12.Nd3 f5 13.f3 Nf6 14.a3 g5 15.Be1 Qg6 16.exf5 Bxf5
17.g4 Bd7 18.Nf2 Nc5 19.b4 axb4 20.axb4 Rxa1 21.Qxa1 Nb3 22.Qd1 Nd4 23.Bd3 Qe8
24.Nfe4 Qa8 25.h4 gxh4 26.Nxf6+ Bxf6 27.Bb1 Qd8 28.Qd3 Qe7 29.Ne4 Bg5 30.Bc3 Qg7
31.Nxg5 hxg5 32.Bd2 Rf7 33.Kg2 Qf6 34.Qg6+ Qxg6 35.Bxg6 Rg7 36.Be4 Kf7 37.Be3 Kf6
38.Ra1 Rg8 39.c5 Rb8 40.Kf2 Be8 41.Bd3 Bf7 42.Be4 dxc5 43.bxc5 Rd8 44.d6 cxd6
45.cxd6 Rxd6 46.Bxb7 Nc2 47.Rb1 Nxe3 48.Kxe3 Be6 49.Be4 Bc4 50.Rc1 Ba6 51.Rb1 Ke7
52.Rc1 Rb6 53.Rc7+ Kf6 54.Rh7 Rd6 55.Rh6+ Ke7 56.Rh5  1/2-1/2

[Event "Open"]
[Site "Pula CRO"]
[Date "2002.05.19"]
[Round "9"]
[White "Franic,M"]
[Black "Orak,L"]
[Result "1-0"]
[WhiteElo "2413"]
[BlackElo "2302"]

1.d4 Nf6 2.c4 g6 3.Nc3 Bg7 4.e4 d6 5.Nf3 O-O 6.Be2 e5 7.O-O Nbd7 8.Qc2 c6
9.Rd1 Qe7 10.Bg5 h6 11.Bh4 exd4 12.Rxd4 Ne5 13.Rad1 g5 14.Bg3 Ne8 15.R4d2 Nxf3+
16.Bxf3 Be5 17.Be2 Be6 18.Na4 Qf6 19.a3 Rc8 20.c5 d5 21.exd5 Bxd5 22.Nc3 Bxc3
23.bxc3 b5 24.Bxb5 cxb5 25.Rxd5 Nc7 26.Rd6 Ne6 27.c6 Rfd8 28.h3 Rxd6 29.Rxd6 h5
30.Qe4 Re8 31.Qe5 Qxe5 32.Bxe5 Rc8 33.Kf1 g4 34.hxg4 hxg4 35.Ke2 Nd8 36.Rh6  1-0

[Event "Elekes Mem GM"]
[Site "Budapest HUN"]
[Date "2002.05.20"]
[Round "3"]
[White "Danner,G"]
[Black "Rajlich,V"]
[Result "1-0"]
[WhiteElo "2407"]
[BlackElo "2377"]

1.d4 Nf6 2.Nf3 g6 3.c4 Bg7 4.Nc3 O-O 5.e4 d6 6.Be2 e5 7.d5 a5 8.Be3 Ng4 9.Bg5 f6
10.Bh4 h5 11.Nd2 Na6 12.h3 Nh6 13.f3 Bd7 14.a3 Nf7 15.Rb1 Bh6 16.Bf2 f5 17.h4 a4
18.Nxa4 Bxd2+ 19.Kxd2 Bxa4 20.Qxa4 fxe4 21.Qc2 Qf6 22.Qxe4 Nc5 23.Bxc5 dxc5
24.Bd3 Kg7 25.Rbe1 Rfe8 26.Kc1 Ra4 27.Qe3 b6 28.g4 hxg4 29.Rhg1 e4 30.fxe4 Ne5
31.Kb1 Qf3 32.Rgf1 Qxe3 33.Rxe3 Nxd3 34.Rxd3 Rxc4 35.d6 cxd6 36.Rxd6 Rcxe4
37.Rff6 b5 38.Rxg6+ Kf7 39.Rdf6+ Ke7 40.Rb6 b4 41.axb4 cxb4 42.h5 Kd7 43.Rg7+ Kc8
44.h6 R8e5 45.h7 Rh5 46.Ka2 g3 47.Ra6 Kb8 48.Rf6 Re8 49.Rg8 Rc8 50.Rxc8+ Kxc8
51.Rf8+ Kd7 52.h8=Q  1-0

[Event "Open A"]
[Site "Ostrava CZE"]
[Date "2002.05.20"]
[Round "4"]
[White "Garlik,M"]
[Black "Potomak,V"]
[Result "0-1"]
[WhiteElo "2078"]
[BlackElo "2201"]

1.d4 Nf6 2.c4 g6 3.Nc3 Bg7 4.e4 d6 5.Nf3 O-O 6.Be2 e5 7.O-O Nbd7 8.Re1 c6
9.Bg5 h6 10.Bh4 a5 11.dxe5 dxe5 12.Nd2 Qe7 13.Na4 Rd8 14.Qc2 b6 15.f3 Rb8
16.Rac1 Nc5 17.Nxc5 Qxc5+ 18.Bf2 Qe7 19.Red1 Qc7 20.Nb1 Nd7 21.Nc3 Bf8 22.Na4 Be7
23.Be3 h5 24.Bf1 Nf8 25.Qf2 Nd7 26.Rc2 Ba6 27.Rcd2 Bb4 28.Rc2 Be7 29.g3 Kg7
30.Kg2 Qb7 31.Rcd2 b5 32.Nc5 Nxc5 33.Bxc5 bxc4 34.Qe3 Rxd2+ 35.Rxd2 c3 36.Bxa6 cxd2
37.Qxd2 Qxb2  0-1